| 000 | 00876nam a2200277 i 4500 | ||
|---|---|---|---|
| 001 | bg | ||
| 245 | 0 | 0 |
_aStatystyka w zadaniach. _nCz.1, _pStatystyka opisowa / _cIwona Bąk [et al.]. |
| 250 | _aWyd.2 uaktual. | ||
| 260 |
_aWarszawa : _bWydawnictwa Naukowo-Techniczne, _c2002. |
||
| 300 |
_a284, [1] s. : _bil. ; _c24 cm. |
||
| 504 | _aBibliogr. s. [285]. | ||
| 650 | 9 | _aStatystyka | |
| 655 | _aPodręczniki akademickie | ||
| 700 | 1 | _aBąk, Iwona. | |
| 020 | _a8320427789 (całość) | ||
| 020 | _a8320427797 (cz.1) | ||
| 040 | _cBPK | ||
| 041 | _apol | ||
| 044 | _aPOL | ||
| 080 | _a311(075.8) | ||
| 920 | _a83-204-2778-9 (całość) | ||
| 920 | _a83-204-2779-7 (cz.1) | ||
| 942 | _cKS | ||
| 008 | s pl f |000 0 pol | ||
| 999 |
_c55991 _d55991 |
||
| 856 |
_uhttp://koha.tu.koszalin.pl/cgi-bin/koha/opac-detail.pl?biblionumber=55991 _yKatalog online BPK |
||